[Event "Budapest FS11 IM-A"]
[Site "Budapest"]
[Date "1993.??.??"]
[Round "6"]
[White "Szabolcsi, Janos"]
[Black "Hoang Than Trang"]
[Result "1-0"]
[WhiteElo "2385"]
[BlackElo "2300"]

1.d4 d5 2.Nf3 c5 3.c4 dxc4 4.Nc3 Nf6 5.d5 e6 6.e4 exd5 7.e5 Nfd7 8.Bg5 Be7
9.Bxe7 Qxe7 10.Nxd5 Qd8 11.Qc2 Nc6 12.O-O-O Qa5 13.Bxc4 Nf8 14.Nf4 Nd8 15.Qb3 Be6
16.Bb5+ Ke7 17.Qd3 Qc7 18.Nh5 Ng6 19.Nxg7 a6 20.Bc4 Nc6 21.Bxe6 fxe6 22.Qc4 Ncxe5
23.Qxe6+ Kf8 24.Qxg6  1-0

[Event "Budapest FS11 GM"]
[Site "Budapest"]
[Date "1993.??.??"]
[Round "7"]
[White "Wells, Peter K"]
[Black "Nemeth, Zoltan"]
[Result "1/2-1/2"]
[WhiteElo "2455"]
[BlackElo "2415"]

1.d4 d5 2.c4 dxc4 3.Nf3 c5 4.d5 e6 5.Nc3 exd5 6.Qxd5 Qxd5 7.Nxd5 Bd6 8.Nd2 Nc6
9.Nxc4 Bb8 10.g3 Nd4 11.Nde3 Ne7 12.b4 cxb4 13.Bb2 Ne6 14.Bg2 O-O 15.O-O Bc7
16.a3 b3 17.Rfd1 Rb8 18.a4 b6 19.a5 Rd8 20.axb6 Rxd1+ 21.Rxd1 axb6 22.Nd2 Nc5
23.Nxb3 Ba6 24.Nxc5 bxc5 25.Ba3 Bxe2 26.Rd7 Bd8 27.Bxc5 Ng6 28.f4 Nf8 29.Rd2 Ba6
30.Ra2 Bc8 31.h4 Bb6 32.Bxb6 Rxb6 33.Ra8 Be6 34.f5 Bb3 35.Bd5 Bxd5 36.Nxd5 Rb7
37.f6 gxf6 38.h5 h6 39.Nxf6+ Kg7 40.Ne8+ Kg8 41.Nf6+ Kg7 42.Ne8+ Kg8 43.Nd6 Rb6
44.Nf5 Rb5 45.g4 Rb1+ 46.Kg2 Rb2+ 47.Kf3 Rb3+ 48.Kf4 Rb4+ 49.Kg3 Rb3+ 50.Kh4 Rb6
51.Ne7+ Kg7 52.Nf5+ Kg8 53.Kg3 Rb3+ 54.Kf4 Rb6 55.Ke5 Re6+ 56.Kd5 Rb6 57.Nd6 Rb4
58.Nf5 Rb6 59.Nd6 Rb4 60.Ke5 Rxg4 61.Nf5 Rg5 62.Kf6 Rxf5+ 63.Kxf5 Kg7 64.Ra1 Nh7
65.Rg1+ Ng5 66.Rg4 Kf8 67.Kf6 Nh7+ 68.Ke5 Ng5 69.Kd6 Nh7 70.Rf4 Ng5 71.Rf5 Ne4+
72.Kd7 Ng3  1/2-1/2

[Event "Budapest FS12 IM-B"]
[Site "Budapest"]
[Date "1993.??.??"]
[Round "7"]
[White "Kragelj, Igor"]
[Black "Skomorokhin, Roman"]
[Result "1/2-1/2"]
[WhiteElo "2305"]
[BlackElo "2460"]

1.d4 d5 2.c4 dxc4 3.Nf3 a6 4.e3 Nf6 5.Bxc4 e6 6.a4 c5 7.O-O Nc6 8.Qe2 Qc7
9.Rd1 Bd6 10.Nc3 O-O 11.h3 b6 12.Bd2 Bb7 13.Rac1 h6 14.Bd3 cxd4 15.exd4 Qe7
16.Ne4 Nb4 17.Bb1 Rac8 18.Ne5 Bxe5 19.dxe5 Nxe4 20.Bxe4 Bxe4 21.Qxe4 Nd5
22.Rxc8 Rxc8 23.Qb4  1/2-1/2

[Event "Budapest FS06 GM"]
[Site "Budapest"]
[Date "1993.??.??"]
[Round "8"]
[White "Lukacs, Peter"]
[Black "Brunner, Lucas"]
[Result "1/2-1/2"]
[WhiteElo "2480"]
[BlackElo "2455"]

1.d4 d5 2.c4 dxc4 3.Nf3 a6 4.e3 Nf6 5.Bxc4 e6 6.O-O c5 7.Bd3 Nc6 8.Nc3 cxd4
9.exd4 Be7 10.Bg5 O-O 11.Rc1 Nb4 12.Bb1 b5 13.a3 Nbd5 14.Nxd5 Nxd5 15.Qd3 g6
16.Bh6 Re8 17.Ne5 Bb7 18.Qf3 Bf6 19.Be4 Qe7 20.g3 Rac8 21.h4 Bg7 22.Bxg7 Kxg7
23.Nd3 f5 24.Bxd5 Bxd5 25.Qe3 Bc4 26.Rfe1  1/2-1/2

[Event "Budapest FS09 GM"]
[Site "Budapest"]
[Date "1993.??.??"]
[Round "10"]
[White "Dao Thien Hai"]
[Black "Afek, Yochanan"]
[Result "0-1"]
[WhiteElo "2565"]
[BlackElo "2430"]

1.d4 d5 2.c4 dxc4 3.Nf3 c5 4.d5 e6 5.e4 exd5 6.exd5 Nf6 7.Bxc4 Bd6 8.Nc3 a6
9.Qe2+ Qe7 10.Qxe7+ Kxe7 11.Bg5 h6 12.Bxf6+ Kxf6 13.O-O Bf5 14.Rfe1 b5 15.Bf1 Nd7
16.g4 Bxg4 17.Ne4+ Ke7 18.Nfd2 Nf6 19.h3 Bc8 20.Nxf6+ Kxf6 21.Ne4+ Ke7 22.Nxc5+ Kd8
23.Ne4 Bf4 24.Rad1 Re8 25.Re2 Bf5 26.Nc5 Rxe2 27.Bxe2 Bd6 28.Nb7+ Kc7 29.Na5 Kb6
30.Nc6 Bxh3 31.a4 bxa4 32.Bf1 Bf5 33.Re1 a5 34.Ne5 Bxe5 35.Rxe5 Bg6 36.Re7 Rc8
37.d6 Rd8 38.d7 Kc7 39.Bh3 Kd6 40.Re3 Bc2 41.Re8 Kc7 42.Re5 Bb3 43.Rc5+ Kd6
44.Rxa5 g6 45.Ra6+ Ke7 46.Kh2 Rb8 47.Rc6 Rd8 48.Ra6 h5 49.f4 Rb8 50.Kg3 Rg8
51.Kh4 f6 52.Bf1 Bd1 53.Ra5 Bg4 54.Bc4 Rb8 55.Bb5 Bxd7 56.Bxd7 Kxd7 57.Rxa4 Ke6
58.Ra5 Rb4 59.Kg3 h4+ 60.Kf3 f5 61.Re5+ Kf6 62.Re2 Rb3+ 63.Kg2 Kg7 64.Re7+ Kh6
65.Re8 Kh5 66.Rg8 Rxb2+ 67.Kf3 Rb3+ 68.Kg2 h3+ 69.Kh2 Rf3 70.Rh8+ Kg4 71.Rg8 Rf2+
72.Kh1 Rxf4 73.Rxg6+ Kf3 74.Ra6 Kg3 75.Ra3+ Rf3 76.Ra1 f4 77.Rg1+ Kf2 78.Kh2 Rd3
79.Ra1 Ke2 80.Ra2+ Rd2 81.Ra8 f3 82.Re8+ Kf1+ 83.Kxh3 f2 84.Kh2 Rd7 85.Rg8 Rf7
86.Ra8 Ke2 87.Ra2+ Kd3 88.Ra3+ Kc4 89.Ra4+ Kb5 90.Ra1 f1=Q 91.Rxf1 Rxf1  0-1

[Event "Budapest FS12 GM"]
[Site "Budapest"]
[Date "1993.??.??"]
[Round "11"]
[White "Mikhalevski, Victor"]
[Black "Lugovoi, Aleksei"]
[Result "0-1"]
[WhiteElo "2380"]
[BlackElo "2390"]

1.d4 d5 2.c4 dxc4 3.Nf3 c5 4.e4 cxd4 5.Qxd4 Qxd4 6.Nxd4 a6 7.Bxc4 e6 8.Be3 Nf6
9.f3 Nbd7 10.Kf2 Bc5 11.Nd2 b6 12.a3 Bb7 13.b4 Be7 14.Be2 O-O 15.Nc4 Rac8
16.Rac1 Ba8 17.Nb3 b5 18.Nca5 Bd6 19.g3 Be5 20.Bd4 Bxd4+ 21.Nxd4 Nb6 22.Ndb3 Nfd7
23.Nc5 Nxc5 24.bxc5 Nd7 25.c6 Ne5 26.c7 f5 27.exf5 Rxf5 28.Rhd1 Bd5 29.f4 Rf7
30.Rc5 Nd7 31.Rc2 Nf6 32.Rdc1 Ne8 33.Ke3 Kf8 34.Kd4 Rd7 35.Ke5 Nf6 36.a4 Bc4
37.Rd1 Rdxc7 38.Nxc4 bxc4 39.Rdc1 Rd8 40.Bxc4 Rc5+ 41.Kxe6 Rdc8 42.Rd1 Ne8
43.Kd7 R8c7+ 44.Kd8 Nf6 45.Bxa6 Rxc2  0-1

[Event "Buenos Aires FMD tt"]
[Site "Buenos Aires"]
[Date "1993.??.??"]
[Round "1"]
[White "Julia, Ernesto"]
[Black "Slipak, Sergio"]
[Result "1/2-1/2"]
[WhiteElo "2295"]
[BlackElo "2455"]

1.d4 d5 2.c4 dxc4 3.Nf3 a6 4.e3 Nf6 5.Bxc4 e6 6.O-O c5 7.Nc3 b5 8.Bb3 Bb7
9.Qe2 Nbd7 10.Rd1 Qb6 11.a4 c4 12.Bc2 b4 13.a5 Qc7 14.Na4 Rc8 15.e4 Qxa5
16.Bg5 Qc7 17.Bh4 b3 18.Bb1 Qa5 19.e5 Nd5 20.Ng5 Nf4  1/2-1/2

[Event "Calcutta op"]
[Site "Calcutta"]
[Date "1993.??.??"]
[Round "9"]
[White "Ganesan, Sankar"]
[Black "Ravi, Thandalam Shanmugam"]
[Result "0-1"]
[WhiteElo "2340"]
[BlackElo "2370"]

1.d4 d5 2.c4 dxc4 3.Nf3 c5 4.d5 e6 5.Nc3 exd5 6.Qxd5 Qxd5 7.Nxd5 Bd6 8.Nd2 Ne7
9.Nxc4 Nxd5 10.Nxd6+ Ke7 11.Nxc8+ Rxc8 12.g3 Nc6 13.Bg2 Rd8 14.O-O Nd4 15.e3 Ne2+
16.Kh1 Nxc1 17.Raxc1 Rac8 18.Rfd1 Nf6 19.Rxd8 Rxd8 20.Bxb7 Rb8 21.Bf3 Rxb2
22.Kg2 Kd6 23.a4 Ra2 24.Bd1 Ne4 25.Bc2 Nd2 26.g4 h6 27.h4 c4 28.g5 hxg5 29.hxg5 Kc5
30.Bh7 Nb3 31.Rb1 Ra1 32.Rb2 Kb4 33.Bg8 c3 34.Rc2 f6 35.gxf6 gxf6 36.Kf3 Rxa4
37.Ke2 Ra6 38.f4 Rd6 39.Ke1 a5 40.e4 Rd4 41.Re2 Nd2  0-1

[Event "Cannes op2"]
[Site "Cannes"]
[Date "1993.??.??"]
[Round "?"]
[White "Komarov, Dimitri"]
[Black "Sadler, Matthew"]
[Result "1-0"]
[WhiteElo "2530"]
[BlackElo "2540"]

1.d4 d5 2.c4 dxc4 3.Nf3 a6 4.e3 Nf6 5.Bxc4 e6 6.O-O c5 7.b3 Nc6 8.Bb2 cxd4
9.Nxd4 Bd7 10.Nd2 Be7 11.Be2 O-O 12.Bf3 Rc8 13.Nc4 b5 14.Nxc6 Bxc6 15.Qxd8 Bxd8
16.Bxc6 Rxc6 17.Ne5 Rc2 18.Ba3 Bc7 19.Nf3 Rd8 20.Nd4 Rd2 21.Rfc1 Be5 22.Nf3 Bxa1
23.Nxd2 h6 24.Bb4 Be5 25.Ba5 Rd5 26.Kf1 Kh7 27.Ke2 Nd7 28.Bb4 Bd6 29.Bxd6 Rxd6
30.Ne4 Rd5 31.Rc6 a5 32.Nc3 Rh5 33.h3 b4 34.Na4 Rd5 35.f3 f5 36.Rxe6 Nc5
37.Nb6 Rd3 38.Rc6 Rc3 39.Nc4 Nd3 40.Nxa5 Nc1+ 41.Kd2 Nxa2 42.Rxc3 Nxc3 43.Nc6 Nd5
44.e4 fxe4 45.fxe4 Nf4 46.Nxb4 Nxg2 47.Nd5 Nh4 48.b4  1-0

[Event "Cappelle op"]
[Site "Cappelle la Grande"]
[Date "1993.??.??"]
[Round "4"]
[White "Werner, Dimo"]
[Black "Baburin, Alexander"]
[Result "0-1"]
[WhiteElo "2375"]
[BlackElo "2550"]

1.d4 d5 2.c4 dxc4 3.Nf3 a6 4.a4 Nf6 5.e3 Bg4 6.Bxc4 e6 7.O-O Nc6 8.Be2 Bd6
9.Nbd2 O-O 10.Nc4 Ne4 11.h3 Bh5 12.Nfd2 Bxe2 13.Qxe2 Nf6 14.b3 Bb4 15.Ba3 Bxa3
16.Rxa3 Qe7 17.a5 e5 18.dxe5 Nxe5 19.Ra4 Nc6 20.Rc1 Rad8 21.Nf3 Rd5 22.Qb2 Rfd8
23.Nfd2 h6 24.Nb1 Rd1+ 25.Rxd1 Rxd1+ 26.Kh2 Ng4+ 27.Kg3 Nxf2 28.Kxf2 Qh4+
29.g3 Qxh3 30.Ncd2 Qh2+ 31.Kf3 f5 32.Qc3 Rc1 33.Rh4 Qg1 34.Qb2 Rf1+ 35.Ke2 Re1+
36.Kd3 Qxe3+  0-1

[Event "Cappelle op"]
[Site "Cappelle la Grande"]
[Date "1993.??.??"]
[Round "4"]
[White "Vaisser, Anatoli"]
[Black "Bus, Mariusz"]
[Result "1/2-1/2"]
[WhiteElo "2555"]
[BlackElo "2380"]

1.d4 d5 2.c4 dxc4 3.Nf3 c5 4.d5 Nf6 5.Nc3 e6 6.e4 exd5 7.e5 Nfd7 8.Qxd5 Nb6
9.Qxd8+ Kxd8 10.Bg5+ Ke8 11.O-O-O Be7 12.Nb5 Na6 13.Bxe7 Kxe7 14.Nd6 Nb4
15.a3 Nc6 16.Nxc4 Nxc4 17.Bxc4 Be6 18.Bd5 Rac8 19.Rhe1 Rhd8 20.Bxc6 Rxd1+
21.Rxd1 Rxc6 22.Ng5 Bf5 23.f4 h6 24.Nf3 Be4 25.Rf1 Rc7 26.Kd2 Rd7+ 27.Ke3 Bf5
28.Nd2 Rd3+ 29.Ke2 Rd4 30.Ke3 Rd3+ 31.Ke2 Rd4 32.Ke3 Ke6 33.Rc1 b6 34.b4 Rd3+
35.Ke2 Rxa3 36.bxc5 bxc5 37.Rxc5 a5 38.h3 g5 39.fxg5 hxg5 40.Nf3 Bd3+ 41.Kd2 Bf1
42.Nxg5+ Kd7 43.h4 Bxg2 44.h5 Bh3 45.Nxf7 Bf5 46.h6 a4 47.Nd6 Bg6 48.Nb5 Rd3+
49.Ke2 Rh3 50.Nd4 Rxh6 51.Ra5  1/2-1/2

[Event "Cappelle op"]
[Site "Cappelle la Grande"]
[Date "1993.??.??"]
[Round "6"]
[White "Kallai, Gabor"]
[Black "Baburin, Alexander"]
[Result "1/2-1/2"]
[WhiteElo "2450"]
[BlackElo "2550"]

1.d4 d5 2.c4 dxc4 3.Nf3 a6 4.e3 e6 5.Bxc4 c5 6.O-O Nf6 7.a4 Nc6 8.Qe2 cxd4
9.Rd1 Be7 10.exd4 O-O 11.Nc3 Nd5 12.Qe4 Nf6 13.Qh4 Nd5 14.Qe4 Nf6 15.Qh4 Nd5  1/2-1/2

[Event "Cappelle op"]
[Site "Cappelle la Grande"]
[Date "1993.??.??"]
[Round "7"]
[White "Shneider, Aleksandr"]
[Black "Kallai, Gabor"]
[Result "1/2-1/2"]
[WhiteElo "2540"]
[BlackElo "2450"]

1.d4 d5 2.Nf3 c5 3.c4 dxc4 4.d5 b5 5.e4 Nf6 6.Nbd2 Qa5 7.a4 Nxe4 8.Ra3 b4
9.Re3 Nf6 10.Bxc4 Qd8 11.Ne4 Ba6 12.Ne5 Nxe4 13.Rxe4 Bxc4 14.Nxc4 e6 15.O-O Be7
16.dxe6 O-O 17.exf7+ Rxf7 18.Qf3 Nc6 19.Rd1 Nd4 20.Rexd4 cxd4 21.Ne5 Qe8
22.Nxf7 Qxf7 23.Qxf7+ Kxf7 24.Rxd4 Rc8 25.Be3 Rc2 26.b3 Rb2 27.Rf4+  1/2-1/2

[Event "Cattolica"]
[Site "Cattolica"]
[Date "1993.??.??"]
[Round "4"]
[White "Shneider, Aleksandr"]
[Black "Westerinen, Heikki MJ"]
[Result "1-0"]
[WhiteElo "2560"]
[BlackElo "2385"]

1.d4 d5 2.Nf3 c5 3.c4 dxc4 4.d5 e6 5.Nc3 exd5 6.Qxd5 Qxd5 7.Nxd5 Bd6 8.Nd2 Nc6
9.Nxc4 Bb8 10.g3 Nge7 11.Nxe7 Kxe7 12.Bg2 Bd7 13.O-O Bc7 14.Ne3 Rae8 15.Nd5+ Kd8
16.Nxc7 Kxc7 17.Bf4+ Kc8 18.e3 b6 19.Rfd1 Ne5 20.b4 c4 21.Rd4 b5 22.a4 a6
23.axb5 Bxb5 24.Bd5 Nc6 25.Rxc4 Bxc4 26.Bxc4 Nxb4 27.Ra4 a5 28.Rxa5 Nc6 29.Rd5 Kb7
30.Rd7+ Kb6 31.Rxf7 g5 32.Bxg5 Ne5 33.Rf6+ Kc5 34.Be2 Kd5 35.Bf4 Ng6 36.Bf3+ Kc4
37.Bd6 Kd3 38.h4 Ne5 39.Bxe5 Rxe5 40.Rd6+ Kc3 41.Kg2 Rf8 42.Be2 Ra5 43.f4 Rb8
44.Rd3+ Kb4 45.e4 Rc8 46.e5 Re8 47.Bg4 Kc4 48.Rd7 Ra3 49.Rxh7 Kd4 50.e6 Ke3
51.Rb7 Ra2+ 52.Kh3 Kf2 53.h5 Rc8 54.e7 Rc1 55.Kh4 Rh1+ 56.Kg5 Re1 57.f5 Ra5
58.h6 Kxg3 59.h7 Ra8 60.Rb3+ Kf2  1-0

[Event "Cattolica"]
[Site "Cattolica"]
[Date "1993.??.??"]
[Round "6"]
[White "Voskanian, Vahagn"]
[Black "Westerinen, Heikki MJ"]
[Result "1/2-1/2"]
[WhiteElo "2275"]
[BlackElo "2385"]

1.Nf3 d5 2.d4 c5 3.c4 dxc4 4.e4 cxd4 5.Qxd4 Qxd4 6.Nxd4 Bd7 7.Bxc4 Nc6 8.Be3 Rc8
9.Nd2 Ne5 10.Bb5 Bxb5 11.Nxb5 a6 12.Nc3 e6 13.Ke2 Bd6 14.Rac1 Ne7 15.Na4 O-O
16.Nb6 Rc6 17.Nb3 Bc7 18.Rxc6 N7xc6 19.f4 Bxb6 20.Bxb6 Nc4 21.Bc5 Rd8 22.Rb1 b5
23.Rc1 Nxb2 24.Bb6 Rc8 25.Na5 Ne7 26.Rxc8+ Nxc8 27.Bc5 f5 28.Ke3 Nd1+ 29.Kd4 fxe4
30.Kxe4 Nc3+ 31.Ke5 Kf7 32.a3 Ne7 33.g3 Ng6+ 34.Kd6 Ne4+ 35.Kc6 e5 36.Be3 Ne7+
37.Kb7 Nd5 38.Bc1 exf4 39.gxf4 b4 40.a4 Nc5+ 41.Kc6 Nd3 42.Kxd5 Nxc1 43.Kc4 Ne2
44.Nc6 b3 45.Kxb3 Ke6 46.Nb4 a5 47.Nc6 Nxf4 48.Nxa5 Kd6 49.Kc4 Ne6 50.Nb3 g5
51.Nd4 h5  1/2-1/2

[Event "Ceuta"]
[Site "Ceuta"]
[Date "1993.??.??"]
[Round "7"]
[White "Zlotnik, Boris A"]
[Black "Westerinen, Heikki MJ"]
[Result "1-0"]
[WhiteElo "2445"]
[BlackElo "2385"]

1.d4 d5 2.c4 dxc4 3.Nf3 a6 4.e3 e6 5.Bxc4 c5 6.Qe2 Nc6 7.dxc5 Bxc5 8.O-O Nf6
9.e4 Qc7 10.e5 Nd7 11.Bf4 Nd4 12.Nxd4 Bxd4 13.Rd1 Bxb2 14.Qxb2 Qxc4 15.Rd4 Qb5
16.Qd2 O-O 17.Na3 Qc5 18.Nc4 f6 19.Rc1 Qe7 20.exf6 Qxf6 21.Bg5 Qg6 22.Rxd7 Bxd7
23.Ne5 Qe4 24.Nxd7 Rf5 25.Nb6 Re8 26.h3 Rb5 27.Be3 Rf8 28.Kh2 h6 29.Qd6 Rb2
30.Rc4 Qb1 31.Qxe6+ Kh7 32.Rg4 Rf6 33.Qe7 Rg6 34.Nd7 Rxg4 35.hxg4 Rb4 36.Nf8+ Kg8
37.Ne6 Rxg4 38.f3 Rg6 39.Qe8+ Kh7 40.Nf8+  1-0

[Event "Cherepovets"]
[Site "Cherepovets"]
[Date "1993.??.??"]
[Round "?"]
[White "Ivanov, VI."]
[Black "Dokuchaev, Aleksander"]
[Result "0-1"]
[WhiteElo "2400"]
[BlackElo "2405"]

1.d4 d5 2.c4 dxc4 3.Nf3 a6 4.e3 Nf6 5.Bxc4 e6 6.a4 c5 7.O-O Nc6 8.Qe2 Qc7
9.Nc3 Bd6 10.Rd1 O-O 11.h3 b6 12.d5 exd5 13.Bxd5 Bb7 14.e4 Rae8 15.Bg5 Be7
16.e5 Bd8 17.Rac1 Qc8 18.Ne4 Nxd5 19.Rxd5 Nb4 20.Nd6 Qc6 21.Nxe8 Nxd5 22.Bxd8 Rxe8
23.Bg5 Qxa4 24.Rc4 Qb5 25.Qc2 Nb4 26.Qc3 Bxf3 27.gxf3 Qd7 28.Rg4 Kf8  0-1

[Event "Clichy"]
[Site "Clichy"]
[Date "1993.??.??"]
[Round "8"]
[White "Renet, Olivier"]
[Black "Conquest, Stuart"]
[Result "1/2-1/2"]
[WhiteElo "2535"]
[BlackElo "2495"]

1.d4 d5 2.c4 dxc4 3.Nf3 a6 4.e3 Nf6 5.Bxc4 e6 6.O-O c5 7.Qe2 b5 8.Bb3 Bb7
9.Rd1 Nbd7 10.a4 b4 11.a5 Be7 12.Nbd2 O-O 13.Nc4 Qc7 14.Nfe5 Rad8 15.Bd2 Bd5
16.Be1 Qb7 17.f3 cxd4 18.exd4 Nxe5 19.dxe5 Nd7 20.Bf2 Qb5 21.Ba4 Qxc4 22.Qxc4 Bxc4
23.Bxd7  1/2-1/2

[Event "Dortmund op-A"]
[Site "Dortmund"]
[Date "1993.??.??"]
[Round "3"]
[White "Maiwald, Jens Uwe"]
[Black "Maljutin, Evgeni"]
[Result "1-0"]
[WhiteElo "2400"]
[BlackElo "2505"]

1.d4 d5 2.c4 dxc4 3.Nf3 c5 4.d5 e6 5.e4 exd5 6.exd5 Nf6 7.Bxc4 Bd6 8.O-O O-O
9.h3 h6 10.Nc3 a6 11.a4 Nbd7 12.Be3 Re8 13.Qc2 Ne5 14.Nd2 b6 15.Rfe1 Ra7
16.Ba2 Rae7 17.Red1 Bb7 18.Rac1 Qd7 19.Nf1 b5 20.Ng3 c4 21.axb5 Nd3 22.Bxc4 Nxc1
23.Nf5 Re5 24.bxa6 Bxa6 25.Nxd6 Qxd6 26.Bxa6 Qxa6 27.Qxc1 Rd8 28.Bf4 Re7
29.d6 Re6 30.Nd5 Nxd5 31.Rxd5 Qe2 32.Qc7 Ree8 33.d7 Rf8 34.Bd6 Ra8 35.Bxf8 Ra1+
36.Kh2 Qxf2 37.Bc5  1-0

[Event "Dortmund op-A"]
[Site "Dortmund"]
[Date "1993.??.??"]
[Round "6"]
[White "Mikhalchishin, Adrian"]
[Black "Bode, Wilfried"]
[Result "1-0"]
[WhiteElo "2520"]
[BlackElo "2370"]

1.Nf3 d5 2.d4 c5 3.c4 dxc4 4.e3 cxd4 5.Bxc4 Qc7 6.Qb3 e6 7.exd4 Nc6 8.Nc3 a6
9.Qd1 Nf6 10.O-O Be7 11.Be3 O-O 12.Rc1 Qd6 13.a4 Nb4 14.Ne5 Rd8 15.Qf3 Nbd5
16.Bg5 Bd7 17.Nxd5 exd5 18.Bxf6 Bxf6 19.Bxd5 Bxa4 20.Bxf7+ Kf8 21.Ba2 Qxd4
22.Qh5 Be8 23.Qxh7 Bxe5 24.Qg8+ Ke7 25.Qe6+ Kf8 26.Rce1  1-0

[Event "Dortmund op-A"]
[Site "Dortmund"]
[Date "1993.??.??"]
[Round "7"]
[White "Lingnau, Carsten"]
[Black "Mainka, Gregor"]
[Result "1-0"]
[WhiteElo "2415"]
[BlackElo "2360"]

1.d4 d5 2.c4 dxc4 3.Nf3 a6 4.e3 Nf6 5.Bxc4 c5 6.O-O b5 7.Be2 cxd4 8.Nxd4 e5
9.Nf3 Qc7 10.a4 b4 11.Nbd2 Bb7 12.Nc4 Nc6 13.b3 Rd8 14.Qc2 e4 15.Nfd2 Ne5
16.Bb2 Neg4 17.g3 h5 18.Rac1 Qd7 19.h4 Rh6 20.Rcd1 Qf5 21.Nf3 Rxd1 22.Bxd1 Qc5
23.Ng5 Rg6 24.Qd2 Nd7 25.Bxg4 hxg4 26.Nxf7 Bd5 27.Rd1 Bc6 28.Nfe5  1-0

[Event "Dortmund op-A"]
[Site "Dortmund"]
[Date "1993.??.??"]
[Round "8"]
[White "Gebhardt, Ulrich"]
[Black "Chernosvitov, Alexander"]
[Result "0-1"]
[WhiteElo "2245"]
[BlackElo "2390"]

1.d4 d5 2.c4 dxc4 3.Nf3 c5 4.e3 e6 5.Bxc4 Nf6 6.O-O a6 7.a4 Nc6 8.Qe2 Qc7
9.Nc3 Be7 10.dxc5 Bxc5 11.e4 Nd4 12.Nxd4 Bxd4 13.Bg5 Bd7 14.Rac1 Qe5 15.Be3 Bxc3
16.Rxc3 O-O 17.Bd3 Rac8 18.f4 Qa5 19.Rxc8 Rxc8 20.e5 Nd5 21.Bd2 Qxa4 22.f5 Qd4+
23.Kh1 exf5 24.Bxf5 Bxf5 25.Rxf5 Re8 26.Qh5 g6 27.Qg5 Qxb2 28.Kg1 Qd4+ 29.Kf1 Qd3+  0-1

[Event "Dortmund op-A"]
[Site "Dortmund"]
[Date "1993.??.??"]
[Round "11"]
[White "Chuchelov, Vladimir"]
[Black "Mainka, Gregor"]
[Result "0-1"]
[WhiteElo "2500"]
[BlackElo "2360"]

1.d4 d5 2.c4 dxc4 3.Nf3 a6 4.e3 Nf6 5.Bxc4 c5 6.Qe2 e6 7.dxc5 Bxc5 8.O-O Nc6
9.a3 e5 10.Nc3 O-O 11.Ng5 Qe7 12.Qc2 g6 13.Nge4 Nxe4 14.Nxe4 Bf5 15.Bd5 Ba7
16.Qe2 Rad8 17.Nc3 e4 18.Bxc6 bxc6 19.Qxa6 Bb8 20.Qe2 Qe5 21.g3 h5 22.f4 Qe6
23.Bd2 Rd3 24.a4 h4 25.gxh4 Bg4 26.Qf2 Bf3 27.Bc1 Kg7 28.a5 Rh8 29.Qg3 Qf6
30.Ra4 Rxh4 31.Nxe4 Bxe4 32.Rxe4 Rd5 33.b4 Rdh5 34.Qg2 Qf5 35.Bb2+ f6 36.Re7+ Kf8
37.e4 Qc8 38.Bxf6 Rg4 39.e5 Rxg2+ 40.Kxg2 Qg4+  0-1

[Event "ESP-ch"]
[Site "?"]
[Date "1993.??.??"]
[Round "9"]
[White "Gallego, Victoriano"]
[Black "Perez Pardo, Juan Carlos"]
[Result "0-1"]
[WhiteElo "2365"]
[BlackElo "2275"]

1.d4 d5 2.c4 dxc4 3.Nf3 c5 4.d5 e6 5.Nc3 exd5 6.Qxd5 Qxd5 7.Nxd5 Bd6 8.Nd2 Ne7
9.Nxc4 Nxd5 10.Nxd6+ Ke7 11.Nxc8+ Rxc8 12.g3 Nb4 13.Bh3 Rd8 14.O-O N8c6 15.Kg2 b6
16.a3 Nd5 17.e4 Nc7 18.Be3 Ne6 19.Rac1 a5 20.f4 Rd3 21.Rce1 Ned4 22.Rf2 Rd8
23.e5 f5 24.exf6+ Kxf6 25.g4 Kf7 26.Bc1 g6 27.f5 gxf5 28.g5 Rd5 29.Bf4 Ne6
30.Bc1 Ncd4 31.Be3 Re5  0-1

[Event "ESP-chT"]
[Site "?"]
[Date "1993.??.??"]
[Round "?"]
[White "Corral Blanco, Juan A"]
[Black "Perez Pardo, Juan Carlos"]
[Result "1/2-1/2"]
[WhiteElo "2395"]
[BlackElo "2275"]

1.d4 d5 2.c4 dxc4 3.Nf3 c5 4.e3 cxd4 5.Qxd4 Qxd4 6.Nxd4 Bd7 7.Bxc4 Nc6 8.Nxc6 Bxc6
9.O-O e6 10.b3 Be7 11.Bb2 Bf6 12.Bxf6 Nxf6 13.Nc3 Ke7 14.f3 Rhd8 15.Rfd1 Rxd1+
16.Rxd1 Rc8 17.Rd2 a6 18.e4 b5 19.Be2 Bd7 20.Nd1 a5 21.Ne3 Rc1+ 22.Kf2 Ra1
23.Rb2 Rc1 24.b4 axb4 25.Rxb4 Rc5 26.Rb2 Ne8 27.Ke1 Nd6 28.Kd2 f6 29.Rc2 Rxc2+
30.Kxc2 Kd8 31.Kc3 Kc7 32.Kd4 Kc6 33.Bd1 e5+ 34.Kc3 Be6 35.Bb3 Bxb3 36.axb3 Kc5
37.b4+ Kc6 38.Kd3 Kd7 39.g4 Ke6 40.Nd5 g6 41.Nc7+ Kd7 42.Nd5 Ke6 43.Nc7+  1/2-1/2

[Event "GER-ch (Women)"]
[Site "Germany"]
[Date "1993.??.??"]
[Round "?"]
[White "Bakalarz, Grazyna"]
[Black "Daechert, Regina"]
[Result "1-0"]
[WhiteElo "2055"]
[BlackElo "2215"]

1.d4 d5 2.c4 dxc4 3.Nf3 c5 4.Qa4+ Nc6 5.dxc5 e6 6.Qxc4 Qa5+ 7.Bd2 Qxc5 8.e3 Nf6
9.Nc3 a6 10.Qxc5 Bxc5 11.Na4 Ba7 12.Bd3 b5 13.Rc1 Bb7 14.Nc5 Bxc5 15.Rxc5 Nd7
16.Rg5 g6 17.O-O f6 18.Rg3 Rd8 19.Bb1 e5 20.e4 Nc5 21.Bh6 Kf7 22.a3 b4 23.h4 a5
24.axb4 Nxb4 25.Nd2 Rd7 26.Rc3 Na4 27.Ra3 Nxb2 28.Rxa5 Ra8 29.Rxa8 Bxa8 30.Be3 N4d3
31.Ba2+ Ke7 32.Ra1 Bc6 33.Bb3 Rb7 34.Ra6 Nb4 35.Ra8 N2d3 36.Rh8 h5 37.Rg8 Rd7
38.Rxg6 Bb5 39.Rh6 Nc6 40.Rxh5 Nd4 41.Rh7+ Kd8 42.Rxd7+ Kxd7 43.h5  1-0

[Event "BL2-W9293"]
[Site "Germany"]
[Date "1993.??.??"]
[Round "?"]
[White "Gerusel, Mathias"]
[Black "Krallmann, Matthias"]
[Result "0-1"]
[WhiteElo "2345"]
[BlackElo "2285"]

1.d4 d5 2.c4 dxc4 3.Nf3 a6 4.e3 Nf6 5.Bxc4 e6 6.O-O c5 7.Qe2 b5 8.Bb3 Bb7
9.Rd1 Nbd7 10.a4 Be7 11.dxc5 Bxc5 12.Nbd2 Qb6 13.Bc2 O-O 14.Nb3 Bd6 15.axb5 axb5
16.Rxa8 Rxa8 17.Nbd4 b4 18.e4 Ng4 19.b3 Ba6 20.Bd3 Bxd3 21.Qxd3 Ra2 22.Be3 Nc5
23.Qb5 Qxb5 24.Nxb5 Nxe3 25.fxe3 Be7 26.Nbd4 Nxe4 27.Nc6 Kf8 28.Nfe5 f6 29.Nxe7 Kxe7
30.Nc6+ Kf7 31.Nxb4 Rb2 32.Nd3 Rxb3 33.g3 Nc3 34.Rd2 Rb1+ 35.Kg2 Ne4 36.Rc2 e5
37.Nf2 Nd6 38.g4 Kg6 39.h3 Re1 40.Rc3 Re2 41.Rc1 Ne4 42.Rf1 Kg5 43.Kf3 Rxf2+
44.Rxf2 Nxf2 45.Kxf2 Kh4 46.Kg2 h5 47.gxh5 Kxh5 48.Kg3 Kg5 49.h4+ Kh5 50.Kh3 g5
51.hxg5 fxg5 52.Kg3 g4 53.Kg2 Kh4 54.Kh2 g3+ 55.Kg1 Kg4  0-1

[Event "Groningen op"]
[Site "Groningen"]
[Date "1993.??.??"]
[Round "9"]
[White "Magerramov, Elmar"]
[Black "Vaisser, Anatoli"]
[Result "1-0"]
[WhiteElo "2545"]
[BlackElo "2580"]

1.Nf3 d5 2.d4 c5 3.c4 dxc4 4.Nc3 cxd4 5.Qxd4 Qxd4 6.Nxd4 e5 7.Ndb5 Na6 8.Be3 Bd7
9.O-O-O Nf6 10.g3 Bc6 11.f3 b6 12.Bh3 Be7 13.Nd6+ Bxd6 14.Rxd6 Bd7 15.Bg2 Ke7
16.Rhd1 Rad8 17.f4 Ng4 18.Bg1 exf4 19.gxf4 f5 20.R6d4 Be6 21.Nb5 Rxd4 22.Bxd4 Nxh2
23.Nxa7 Ng4 24.Bxb6 Nb8 25.Bd4 h5 26.Nb5 h4 27.e4 h3 28.Bh1 Nd7 29.exf5 Bxf5
30.Re1+ Kf7 31.Nd6+ Kg6 32.Bd5 Rf8 33.Nxf5 Rxf5 34.Be4 h2 35.a4 Ndf6 36.Bxf5+ Kxf5
37.Bxf6 gxf6 38.Rh1 Kxf4 39.a5 Kg3 40.a6 Kg2 41.Rxh2+ Kxh2 42.a7 f5 43.a8=Q Kg3
44.Kd2 f4 45.Ke2 Ne5 46.Qg8+ Ng4 47.Qd5 Nh2 48.Qe5 Ng4 49.Qc3+  1-0

[Event "Groningen op"]
[Site "Groningen"]
[Date "1993.??.??"]
[Round "10"]
[White "Magerramov, Elmar"]
[Black "Psakhis, Lev"]
[Result "1/2-1/2"]
[WhiteElo "2545"]
[BlackElo "2585"]

1.d4 d5 2.c4 dxc4 3.Nf3 c5 4.Nc3 cxd4 5.Qxd4 Qxd4 6.Nxd4 Bd7 7.Ndb5 Na6 8.e4 e6
9.Bxc4 Rc8 10.Be2 Nb4 11.Nxa7 Rxc3 12.bxc3 Nc2+ 13.Kd2 Nxa1 14.Bb2 Bc5 15.Nb5 Bxf2
16.Nd6+ Ke7 17.e5 Nh6 18.Rxa1 Ra8 19.Bf3 Ra4 20.Nxb7 Nf5 21.g3 f6 22.c4 fxe5
23.Bxe5 Be3+ 24.Kc3 Bc8 25.g4 Bxb7 26.Bxb7 Ra5 27.Bb8 Nd6 28.Bf3 Ra4 29.Kb3 Ra6
30.Rb1 Bc5 31.a4 Kd7 32.Be2 Rb6+ 33.Kc2 Rxb1 34.Kxb1 Kc8 35.Bxd6 Bxd6 36.h3 Kb7
37.Kc2 Kb6 38.Kd3 Ka5 39.Kd4 Kb4 40.Bd1 Bc5+ 41.Ke5 Kxc4 42.Kxe6 Kb4  1/2-1/2

[Event "Haarlem op"]
[Site "Haarlem"]
[Date "1993.??.??"]
[Round "6"]
[White "Cardon, Helmut"]
[Black "Nikolic, Nebojsa"]
[Result "1-0"]
[WhiteElo "2375"]
[BlackElo "2440"]

1.d4 d5 2.c4 dxc4 3.Nf3 a6 4.e3 Nf6 5.Bxc4 e6 6.O-O c5 7.a4 Nc6 8.Qe2 cxd4
9.Rd1 Be7 10.Nxd4 Nxd4 11.Rxd4 Bd7 12.Nc3 Qc7 13.b3 Bd6 14.Rh4 h5 15.Bb2 g5
16.Ne4 Nxe4 17.Rxe4 Rh6 18.Rc1 Rc8 19.Qd1 Qb8 20.Rd4 Bxh2+ 21.Kf1 Bc6 22.Ba3 Be5
23.Qd2 Bxd4 24.exd4 Qh2 25.Qxg5 Qxg2+ 26.Qxg2 Bxg2+ 27.Kxg2 Kd7 28.d5 Rg8+
29.Kf3 h4 30.dxe6+ fxe6 31.Rd1+ Kc8 32.Bd6 Rd8 33.Bf4 Rxd1 34.Bxh6 Kd7 35.Kg2 Kd6
36.Bg5 b5 37.axb5 axb5 38.Bxb5 Rd5 39.Bf4+ e5 40.Bc4 Rd4 41.Be3  1-0

[Event "Wichern op"]
[Site "Hamburg"]
[Date "1993.??.??"]
[Round "1"]
[White "Panzer, Peter"]
[Black "Winterstein, Wolfgang"]
[Result "1-0"]
[WhiteElo "2420"]
[BlackElo "2305"]

1.d4 d5 2.c4 dxc4 3.Nf3 c5 4.Nc3 cxd4 5.Qxd4 Qxd4 6.Nxd4 Bd7 7.e4 Nc6 8.Nxc6 Bxc6
9.Bxc4 e5 10.Nd5 Rc8 11.Be3 Ne7 12.Bxa7 Bxd5 13.Bxd5 Nxd5 14.exd5 Rc2 15.O-O Rxb2
16.Rfb1 Rd2 17.Rxb7 Rxd5 18.Rc1 Be7 19.Kf1 Bd8 20.Rc5 Rxc5 21.Bxc5 h5 22.Ke2 Rh6
23.Kd3 Ra6 24.a3 Rg6 25.g3 f5 26.Kc4 h4 27.Kd5 hxg3 28.hxg3 f4 29.gxf4 exf4
30.a4 Rg1 31.Bd4 g5 32.Ke6 Re1+ 33.Be5 Rh1 34.Ra7 Rh6+ 35.Kf5 Rc6 36.a5 Rc5
37.a6 Be7 38.Rb7 Bd6 39.Ke6 Rxe5+ 40.Kxd6  1-0